[Event "Estonian Women's Chess Championship 2025"]
[Site "Tallinn, Estonia"]
[Date "2025.12.14"]
[Round "9.1"]
[White "Olde, Grete"]
[Black "Olde, Margareth"]
[Result "0-1"]
[WhiteTitle "WCM"]
[BlackTitle "WIM"]
[WhiteElo "1989"]
[BlackElo "2214"]

1. e4 {

[%emt 00:03:39]

} c5 {

[%emt 00:00:13]

} 2. c3 {

[%emt 00:00:13]

} Nf6 {

[%emt 00:00:12]

} 3. e5 {

[%emt 00:00:17]

} Nd5 {

[%emt 00:00:05]

} 4. d4 {

[%emt 00:00:14]

} cxd4 {

[%emt 00:00:15]

} 5. Nf3 {

[%emt 00:00:11]

} d6 {

[%emt 00:00:22]

} 6. cxd4 {

[%emt 00:00:21]

} dxe5 {

[%emt 00:00:43]

} 7. Nxe5 {

[%emt 00:02:14]

} Nc6 {

[%emt 00:00:51]

} 8. Nxc6 {

[%emt 00:02:14]

} bxc6 {

[%emt 00:00:08]

} 9. Bc4 {

[%emt 00:02:37]

} g6 {

[%emt 00:03:06]

} 10. Nd2 {

[%emt 00:08:05]

} Bg7 {

[%emt 00:03:18]

} 11. Nf3 {

[%emt 00:04:45]

} Bg4 {

[%emt 00:04:53]

} 12. Be3 {

[%emt 00:03:07]

} O-O {

[%emt 00:08:05]

} 13. h3 {

[%emt 00:07:06]

} Nxe3 {

[%emt 00:07:25]

} 14. fxe3 {

[%emt 00:00:29]

} Bxf3 {

[%emt 00:01:38]

} 15. Qxf3 {

[%emt 00:01:34]

} Qa5+ {

[%emt 00:01:28]

} 16. Kf2 {

[%emt 00:09:18]

} e5 {

[%emt 00:07:03]

} 17. d5 {

[%emt 00:06:36]

} cxd5 {

[%emt 00:11:11]

} 18. Bxd5 {

[%emt 00:04:40]

} Qd2+ {

[%emt 00:04:29]

} 19. Kg3 {

[%emt 00:01:38]

} e4 {

[%emt 00:06:54]

} 20. Qxe4 Rae8 21. Rad1 Qxb2 22. Bxf7+ Kh8 23. Qxe8 Rxe8 24. Bxe8 Qe5+ 25. Kf3 Qxe8 26. Ke2 Qb5+ 27. Rd3 Qc4 28. Rhd1 Qxa2+ 29. Kf1 h5 30. Rd7 Kh7 31. Rc7 Kh6 32. Rdd7 Qa1+ 33. Ke2 a5 34. Ra7 a4 35. Ra6 a3 36. Rda7 Qa2+ 37. Kf3 Qd5+ 38. Kf2 Qd2+ 39. Kf3 Qd1+ 40. Kg3 Be5+ 41. Kf2 h4 0-1

[Event "Estonian Women's Chess Championship 2025"]
[Site "Tallinn, Estonia"]
[Date "2025.12.13"]
[Round "8.2"]
[White "Narva, Regina"]
[Black "Blokhin, Sofia"]
[Result "1/2-1/2"]
[WhiteTitle "WFM"]
[BlackTitle "WFM"]
[WhiteElo "1947"]
[BlackElo "2095"]

1. Nf3 {

[%clk 01:30:56]

} {

[%emt 00:00:03]

} g6 {

[%clk 01:30:53]

} {

[%emt 00:00:08]

} 2. e3 {

[%clk 01:28:29]

} {

[%emt 00:02:56]

} Bg7 {

[%clk 01:30:30]

} {

[%emt 00:00:52]

} 3. d4 {

[%clk 01:28:34]

} {

[%emt 00:00:25]

} f5 {

[%clk 01:29:54]

} {

[%emt 00:01:06]

} 4. b3 {

[%clk 01:27:27]

} {

[%emt 00:01:37]

} Nf6 {

[%clk 01:27:58]

} {

[%emt 00:02:27]

} 5. Bb2 {

[%clk 01:26:54]

} {

[%emt 00:01:03]

} d5 {

[%clk 01:25:07]

} {

[%emt 00:03:21]

} 6. Nbd2 {

[%clk 01:24:19]

} {

[%emt 00:03:04]

} O-O {

[%clk 01:22:19]

} {

[%emt 00:03:18]

} 7. Ne5 {

[%clk 01:20:00]

} {

[%emt 00:04:48]

} Nbd7 {

[%clk 01:16:15]

} {

[%emt 00:06:35]

} 8. f4 {

[%clk 01:17:14]

} {

[%emt 00:03:16]

} Ne4 {

[%clk 01:04:26]

} {

[%emt 00:12:20]

} 9. Nxd7 {

[%clk 00:55:26]

} {

[%emt 00:22:18]

} Bxd7 {

[%clk 01:02:51]

} {

[%emt 00:02:05]

} 10. Nxe4 {

[%clk 00:54:28]

} {

[%emt 00:01:27]

} fxe4 {

[%clk 00:57:51]

} {

[%emt 00:05:29]

} 11. Be2 {

[%clk 00:54:06]

} {

[%emt 00:00:53]

} 1/2-1/2

[Event "Estonian Women's Chess Championship 2025"]
[Site "Tallinn, Estonia"]
[Date "2025.12.14"]
[Round "9.2"]
[White "Blokhin, Sofia"]
[Black "Narva, Regina"]
[Result "1-0"]
[WhiteTitle "WFM"]
[BlackTitle "WFM"]
[WhiteElo "2095"]
[BlackElo "1947"]

1. d4 {

[%clk 01:30:57]

} Nf6 {

[%clk 01:30:27]

} 2. c4 {

[%clk 01:31:19]

} e6 {

[%clk 01:30:29]

} 3. Nc3 {

[%clk 01:31:23]

} d5 {

[%clk 01:29:54]

} 4. e3 {

[%clk 01:31:08]

} a6 {

[%clk 01:29:05]

} 5. cxd5 {

[%clk 01:28:37]

} exd5 {

[%clk 01:27:02]

} 6. Bd3 {

[%clk 01:27:12]

} Be7 {

[%clk 01:25:32]

} 7. Nge2 {

[%clk 01:24:53]

} O-O {

[%clk 01:23:10]

} 8. O-O b6 {

[%clk 01:11:05]

} {

[%emt 00:05:10]

} 9. b3 {

[%clk 01:16:24]

} {

[%emt 00:05:00]

} c5 {

[%clk 01:08:59]

} {

[%emt 00:02:35]

} 10. Bb2 {

[%clk 01:14:24]

} {

[%emt 00:02:31]

} Bd6 {

[%clk 01:05:50]

} {

[%emt 00:03:39]

} 11. f3 {

[%clk 00:43:44]

} {

[%emt 00:31:10]

} Nc6 {

[%clk 01:02:20]

} {

[%emt 00:04:01]

} 12. Na4 {

[%clk 00:29:51]

} {

[%emt 00:14:24]

} c4 {

[%clk 00:43:48]

} {

[%emt 00:19:01]

} 13. bxc4 {

[%clk 00:25:44]

} {

[%emt 00:04:37]

} dxc4 {

[%clk 00:44:10]

} {

[%emt 00:00:08]

} 14. Bb1 {

[%clk 00:24:12]

} {

[%emt 00:02:02]

} b5 {

[%clk 00:33:42]

} {

[%emt 00:10:59]

} 15. Nac3 {

[%clk 00:24:16]

} {

[%emt 00:00:25]

} b4 {

[%clk 00:25:23]

} {

[%emt 00:08:49]

} 16. Ne4 {

[%clk 00:23:57]

} {

[%emt 00:00:48]

} Nd5 {

[%clk 00:16:29]

} {

[%emt 00:23:06]

} 17. Bc1 {

[%clk 00:21:55]

} Bb8 {

[%clk 00:14:06]

} 18. Qc2 {

[%clk 00:20:53]

} f5 {

[%clk 00:10:31]

} 19. N4g3 {

[%clk 00:19:28]

} c3 {

[%clk 00:10:09]

} {

[%emt 00:00:09]

} 20. e4 {

[%clk 00:18:56]

} {

[%emt 00:01:02]

} Nde7 {

[%clk 00:05:52]

} {

[%emt 00:04:47]

} 21. Qb3+ {

[%clk 00:18:25]

} {

[%emt 00:01:10]

} Kh8 {

[%clk 00:06:16]

} 22. Rd1 {

[%clk 00:15:05]

} {

[%emt 00:03:47]

} Qb6 {

[%clk 00:06:10]

} {

[%emt 00:00:37]

} 23. Kh1 {

[%clk 00:12:22]

} {

[%emt 00:03:13]

} f4 {

[%clk 00:05:05]

} {

[%emt 00:01:34]

} 24. Nf1 {

[%clk 00:11:27]

} {

[%emt 00:01:24]

} Na5 {

[%clk 00:04:57]

} {

[%emt 00:00:39]

} 25. Qc2 {

[%clk 00:11:11]

} {

[%emt 00:00:46]

} Ng6 {

[%clk 00:05:17]

} {

[%emt 00:00:10]

} 26. a3 {

[%clk 00:10:48]

} {

[%emt 00:00:54]

} b3 {

[%clk 00:02:53]

} {

[%emt 00:02:54]

} 27. Qxc3 {

[%clk 00:11:02]

} {

[%emt 00:00:15]

} Bd7 {

[%clk 00:03:10]

} {

[%emt 00:00:13]

} 28. Bd2 {

[%clk 00:10:06]

} {

[%emt 00:01:26]

} Nb7 {

[%clk 00:03:01]

} {

[%emt 00:00:39]

} 29. Qb4 {

[%clk 00:09:34]

} {

[%emt 00:01:02]

} Bb5 {

[%clk 00:02:03]

} {

[%emt 00:01:28]

} 30. Qxb3 {

[%clk 00:09:23]

} {

[%emt 00:00:41]

} Qc6 {

[%clk 00:01:38]

} {

[%emt 00:00:55]

} 31. Rc1 {

[%clk 00:07:59]

} {

[%emt 00:01:54]

} Qf6 {

[%clk 00:01:54]

} {

[%emt 00:00:13]

} 32. Bd3 {

[%clk 00:07:27]

} {

[%emt 00:01:03]

} Nh4 {

[%clk 00:02:02]

} {

[%emt 00:00:22]

} 33. Bxb5 {

[%clk 00:07:05]

} {

[%emt 00:00:52]

} Qg6 {

[%clk 00:02:05]

} {

[%emt 00:00:26]

} 34. g3 {

[%clk 00:06:14]

} {

[%emt 00:01:21]

} fxg3 {

[%clk 00:02:29]

} {

[%emt 00:00:06]

} 35. hxg3 {

[%clk 00:05:04]

} {

[%emt 00:01:40]

} Rxf3 {

[%clk 00:02:42]

} {

[%emt 00:00:17]

} 36. Rc8+ {

[%clk 00:05:20]

} {

[%emt 00:00:14]

} 1-0

[Event "Estonian Women's Chess Championship 2025"]
[Site "Tallinn, Estonia"]
[Date "2025.12.15"]
[Round "15.1"]
[White "Blokhin, Sofia"]
[Black "Olde, Margareth"]
[Result "1-0"]
[WhiteTitle "WFM"]
[BlackTitle "WIM"]
[WhiteElo "2095"]
[BlackElo "2214"]

1. e4 {

[%clk 01:30:58]

} {

[%emt 00:27:14]

} c5 {

[%clk 01:29:44]

} {

[%emt 00:01:16]

} 2. Nf3 {

[%clk 01:31:21]

} {

[%emt 00:00:07]

} e6 {

[%clk 01:29:53]

} {

[%emt 00:00:22]

} 3. d4 {

[%clk 01:31:38]

} {

[%emt 00:00:12]

} cxd4 {

[%clk 01:30:13]

} {

[%emt 00:00:10]

} 4. Nxd4 {

[%clk 01:32:02]

} {

[%emt 00:00:06]

} a6 {

[%clk 01:30:33]

} {

[%emt 00:00:11]

} 5. c4 {

[%clk 01:32:12]

} {

[%emt 00:00:19]

} Qc7 {

[%clk 01:29:20]

} {

[%emt 00:01:43]

} 6. Nc3 {

[%clk 01:30:01]

} {

[%emt 00:02:41]

} Nf6 {

[%clk 01:27:27]

} {

[%emt 00:02:23]

} 7. a3 {

[%clk 01:29:45]

} {

[%emt 00:00:46]

} b6 {

[%clk 01:26:51]

} {

[%emt 00:01:06]

} 8. Be3 {

[%clk 01:29:43]

} {

[%emt 00:00:32]

} Bb7 {

[%clk 01:25:52]

} {

[%emt 00:01:30]

} 9. f3 {

[%clk 01:29:58]

} {

[%emt 00:00:15]

} Nc6 {

[%clk 01:21:40]

} {

[%emt 00:04:42]

} 10. Na4 {

[%clk 01:28:30]

} {

[%emt 00:01:59]

} Rb8 {

[%clk 01:11:34]

} {

[%emt 00:10:36]

} 11. Rc1 {

[%clk 01:28:15]

} {

[%emt 00:00:44]

} Nxd4 {

[%clk 01:00:23]

} {

[%emt 00:11:41]

} 12. Qxd4 {

[%clk 01:20:21]

} {

[%emt 00:08:24]

} Bc6 {

[%clk 00:57:41]

} {

[%emt 00:03:13]

} 13. Nxb6 {

[%clk 01:11:02]

} {

[%emt 00:09:48]

} e5 {

[%clk 00:54:33]

} {

[%emt 00:03:38]

} 14. Qc3 {

[%clk 01:10:38]

} {

[%emt 00:00:54]

} Rxb6 {

[%clk 00:49:08]

} {

[%emt 00:05:56]

} 15. Bxb6 {

[%clk 01:11:00]

} {

[%emt 00:00:08]

} Qxb6 {

[%clk 00:49:35]

} {

[%emt 00:00:03]

} 16. Qxe5+ {

[%clk 01:11:13]

} {

[%emt 00:00:16]

} Be7 {

[%clk 00:49:24]

} {

[%emt 00:00:42]

} 17. c5 {

[%clk 01:10:57]

} {

[%emt 00:00:47]

} Qb3 {

[%clk 00:45:54]

} {

[%emt 00:03:54]

} 18. Qc3 {

[%clk 01:03:33]

} {

[%emt 00:07:58]

} Qb7 {

[%clk 00:44:41]

} {

[%emt 00:01:39]

} 19. b4 {

[%clk 00:56:54]

} {

[%emt 00:07:13]

} O-O {

[%clk 00:43:29]

} {

[%emt 00:01:42]

} 20. Bd3 {

[%clk 00:55:50]

} {

[%emt 00:01:34]

} Ne8 {

[%clk 00:32:33]

} {

[%emt 00:11:26]

} 21. O-O {

[%clk 00:53:30]

} {

[%emt 00:02:49]

} Nc7 {

[%clk 00:32:42]

} {

[%emt 00:00:21]

} 22. Rfd1 {

[%clk 00:47:50]

} {

[%emt 00:06:10]

} Ne6 {

[%clk 00:27:49]

} {

[%emt 00:05:23]

} 23. Bc4 {

[%clk 00:43:29]

} {

[%emt 00:04:51]

} Ba4 {

[%clk 00:25:42]

} {

[%emt 00:02:35]

} 24. Re1 {

[%clk 00:39:59]

} {

[%emt 00:04:02]

} h5 {

[%clk 00:13:43]

} {

[%emt 00:12:28]

} 25. Qd3 {

[%clk 00:37:04]

} {

[%emt 00:03:26]

} a5 {

[%clk 00:12:32]

} {

[%emt 00:01:41]

} 26. Rb1 {

[%clk 00:34:45]

} {

[%emt 00:02:49]

} h4 {

[%clk 00:11:45]

} {

[%emt 00:01:17]

} 27. g3 {

[%clk 00:33:04]

} {

[%emt 00:02:10]

} Bf6 {

[%clk 00:05:51]

} {

[%emt 00:06:24]

} 28. e5 {

[%clk 00:27:33]

} {

[%emt 00:06:01]

} Be7 {

[%clk 00:05:23]

} {

[%emt 00:00:53]

} 29. Bd5 {

[%clk 00:26:20]

} {

[%emt 00:01:47]

} Qc7 {

[%clk 00:01:34]

} {

[%emt 00:04:19]

} 30. f4 {

[%clk 00:24:51]

} {

[%emt 00:01:59]

} Bxc5+ {

[%clk 00:00:43]

} {

[%emt 00:01:22]

} 31. Kh1 {

[%clk 00:15:04]

} {

[%emt 00:10:17]

} Ba7 {

[%clk 00:00:48]

} {

[%emt 00:00:25]

} 32. Rbc1 {

[%clk 00:15:09]

} {

[%emt 00:00:25]

} Qb6 {

[%clk 00:00:54]

} {

[%emt 00:00:20]

} 33. f5 {

[%clk 00:15:14]

} {

[%emt 00:00:29]

} Ng5 {

[%clk 00:00:54]

} {

[%emt 00:00:30]

} 34. gxh4 {

[%clk 00:15:16]

} {

[%emt 00:00:28]

} Nh7 {

[%clk 00:00:59]

} {

[%emt 00:00:24]

} 35. f6 {

[%clk 00:14:18]

} {

[%emt 00:01:29]

} Nxf6 {

[%clk 00:00:46]

} {

[%emt 00:00:44]

} 36. exf6 {

[%clk 00:14:25]

} {

[%emt 00:00:23]

} Qxf6 {

[%clk 00:01:14]

} {

[%emt 00:00:02]

} 37. Rf1 {

[%clk 00:14:27]

} {

[%emt 00:00:28]

} Qd8 {

[%clk 00:00:38]

} {

[%emt 00:01:05]

} 38. Qg6 {

[%clk 00:12:08]

} {

[%emt 00:02:50]

} Qa8 {

[%emt 00:00:39]

} 39. Bxa8 {

[%clk 00:12:14]

} {

[%emt 00:00:22]

} fxg6 {

[%clk 00:00:59]

} {

[%emt 00:00:02]

} 40. Bd5+ {

[%clk 00:27:35]

} {

[%emt 00:00:09]

} 1-0

[Event "Estonian Women's Chess Championship 2025"]
[Site "Tallinn, Estonia"]
[Date "2025.12.16"]
[Round "16.1"]
[White "Olde, Margareth"]
[Black "Blokhin, Sofia"]
[Result "1-0"]
[WhiteTitle "WIM"]
[BlackTitle "WFM"]
[WhiteElo "2214"]
[BlackElo "2095"]

1. d4 {

[%clk 01:30:57]

} {

[%emt 00:00:02]

} f5 {

[%clk 01:30:54]

} {

[%emt 00:00:06]

} 2. g3 {

[%clk 01:31:13]

} {

[%emt 00:00:14]

} Nf6 {

[%clk 01:31:16]

} {

[%emt 00:00:08]

} 3. Bg2 {

[%clk 01:31:33]

} {

[%emt 00:00:10]

} d5 {

[%clk 01:31:39]

} {

[%emt 00:00:07]

} 4. Nh3 {

[%clk 01:31:42]

} {

[%emt 00:00:21]

} e6 {

[%clk 01:31:46]

} {

[%emt 00:00:23]

} 5. c4 {

[%clk 01:31:38]

} {

[%emt 00:00:34]

} Bd6 {

[%clk 01:25:21]

} {

[%emt 00:06:55]

} 6. Qc2 {

[%clk 01:29:30]

} {

[%emt 00:02:38]

} c6 {

[%clk 01:20:29]

} {

[%emt 00:05:22]

} 7. O-O {

[%clk 01:29:05]

} {

[%emt 00:00:53]

} O-O {

[%clk 01:19:04]

} {

[%emt 00:01:56]

} 8. Bf4 {

[%clk 01:28:53]

} {

[%emt 00:00:42]

} Be7 {

[%clk 01:03:42]

} {

[%emt 00:15:53]

} 9. Nd2 {

[%clk 01:28:03]

} {

[%emt 00:01:20]

} Nh5 {

[%clk 00:58:29]

} {

[%emt 00:05:44]

} 10. Be3 {

[%clk 01:25:11]

} {

[%emt 00:03:22]

} g5 {

[%clk 00:47:11]

} {

[%emt 00:11:48]

} 11. Nb3 {

[%clk 01:15:29]

} {

[%emt 00:10:12]

} a5 {

[%clk 00:43:00]

} {

[%emt 00:04:41]

} 12. Rad1 {

[%clk 01:09:25]

} {

[%emt 00:06:34]

} Na6 {

[%clk 00:37:48]

} {

[%emt 00:05:42]

} 13. a3 {

[%clk 01:05:44]

} {

[%emt 00:04:11]

} Nc7 {

[%clk 00:33:07]

} {

[%emt 00:05:11]

} 14. Bd2 {

[%clk 01:00:59]

} {

[%emt 00:05:14]

} a4 {

[%clk 00:32:31]

} {

[%emt 00:01:06]

} 15. Nc5 {

[%clk 00:55:18]

} {

[%emt 00:06:11]

} Bxc5 {

[%clk 00:22:07]

} {

[%emt 00:10:55]

} 16. dxc5 {

[%clk 00:54:55]

} {

[%emt 00:00:52]

} h6 {

[%clk 00:21:02]

} {

[%emt 00:01:36]

} 17. Bc3 {

[%clk 00:53:06]

} {

[%emt 00:02:19]

} Qe7 {

[%clk 00:21:02]

} {

[%emt 00:00:29]

} 18. Be5 {

[%clk 00:48:22]

} {

[%emt 00:05:14]

} Ne8 {

[%clk 00:21:16]

} {

[%emt 00:00:17]

} 19. cxd5 {

[%clk 00:47:10]

} {

[%emt 00:01:42]

} exd5 {

[%clk 00:20:51]

} {

[%emt 00:00:55]

} 20. f4 {

[%clk 00:46:53]

} {

[%emt 00:00:47]

} g4 {

[%clk 00:19:39]

} {

[%emt 00:01:42]

} 21. Nf2 {

[%clk 00:47:11]

} {

[%emt 00:00:09]

} Nhf6 {

[%clk 00:18:56]

} {

[%emt 00:01:16]

} 22. Rd4 {

[%clk 00:42:56]

} {

[%emt 00:04:43]

} Nd7 {

[%clk 00:10:42]

} {

[%emt 00:08:44]

} 23. Nd3 {

[%clk 00:42:45]

} {

[%emt 00:00:40]

} Nef6 {

[%clk 00:07:44]

} {

[%emt 00:03:30]

} 24. Rxa4 {

[%clk 00:39:47]

} {

[%emt 00:03:29]

} Rxa4 {

[%clk 00:08:05]

} {

[%emt 00:00:09]

} 25. Qxa4 {

[%clk 00:40:12]

} {

[%emt 00:00:05]

} Nxe5 {

[%clk 00:07:26]

} {

[%emt 00:01:09]

} 26. fxe5 {

[%clk 00:39:56]

} {

[%emt 00:00:46]

} Nd7 {

[%clk 00:06:43]

} {

[%emt 00:01:13]

} 27. Qd4 {

[%clk 00:37:36]

} {

[%emt 00:02:46]

} Qe6 {

[%clk 00:06:18]

} {

[%emt 00:00:58]

} 28. h3 {

[%clk 00:32:01]

} Re8 {

[%clk 00:04:19]

} {

[%emt 00:08:34]

} 29. hxg4 {

[%clk 00:29:10]

} {

[%emt 00:03:21]

} fxg4 {

[%clk 00:04:44]

} {

[%emt 00:00:04]

} 30. e4 {

[%clk 00:24:04]

} {

[%emt 00:05:36]

} dxe4 {

[%clk 00:03:55]

} {

[%emt 00:01:20]

} 31. Qxe4 {

[%clk 00:19:47]

} {

[%emt 00:04:46]

} Kg7 {

[%clk 00:04:01]

} {

[%emt 00:00:25]

} 32. Qd4 {

[%clk 00:18:38]

} {

[%emt 00:01:38]

} Kg8 {

[%clk 00:02:40]

} {

[%emt 00:01:52]

} 33. Re1 {

[%clk 00:17:03]

} {

[%emt 00:02:03]

} Qf5 {

[%clk 00:01:31]

} {

[%emt 00:01:40]

} 34. Qc4+ {

[%clk 00:10:52]

} {

[%emt 00:06:40]

} Kh8 {

[%clk 00:01:22]

} {

[%emt 00:00:40]

} 35. e6 {

[%clk 00:10:15]

} {

[%emt 00:01:07]

} Nf8 {

[%clk 00:01:34]

} {

[%emt 00:00:19]

} 36. Qd4+ {

[%clk 00:05:56]

} {

[%emt 00:04:48]

} Kg8 {

[%clk 00:01:55]

} {

[%emt 00:00:09]

} 37. e7 {

[%clk 00:03:50]

} {

[%emt 00:02:36]

} Ne6 {

[%clk 00:02:12]

} {

[%emt 00:00:14]

} 38. Qd6 {

[%clk 00:03:46]

} {

[%emt 00:00:28]

} Qf6 {

[%clk 00:01:20]

} {

[%emt 00:01:27]

} 39. Ne5 {

[%clk 00:03:05]

} {

[%emt 00:01:10]

} h5 {

[%clk 00:01:22]

} {

[%emt 00:00:30]

} 40. Nc4 {

[%clk 00:16:18]

} {

[%emt 00:02:17]

} Qxe7 {

[%clk 00:15:46]

} {

[%emt 00:01:06]

} 41. Qxe7 {

[%clk 00:15:02]

} {

[%emt 00:01:46]

} Rxe7 {

[%clk 00:16:10]

} {

[%emt 00:00:06]

} 42. Nb6 {

[%clk 00:15:07]

} {

[%emt 00:00:20]

} Rf7 {

[%clk 00:12:47]

} {

[%emt 00:03:57]

} 43. Nxc8 {

[%clk 00:15:09]

} {

[%emt 00:00:29]

} Nxc5 {

[%clk 00:13:11]

} {

[%emt 00:00:06]

} 44. Nd6 {

[%clk 00:15:01]

} {

[%emt 00:00:34]

} Rd7 {

[%clk 00:13:19]

} {

[%emt 00:00:25]

} 45. Ne4 {

[%clk 00:15:18]

} {

[%emt 00:00:10]

} Nxe4 {

[%clk 00:12:57]

} {

[%emt 00:00:56]

} 46. Rxe4 {

[%clk 00:15:40]

} {

[%emt 00:00:08]

} Rd3 {

[%clk 00:11:04]

} {

[%emt 00:02:23]

} 47. Kh2 {

[%clk 00:15:37]

} {

[%emt 00:00:30]

} c5 {

[%clk 00:08:57]

} {

[%emt 00:02:40]

} 48. Re5 {

[%clk 00:15:12]

} {

[%emt 00:00:52]

} Rd2 {

[%clk 00:07:28]

} {

[%emt 00:02:01]

} 49. Rxc5 {

[%clk 00:14:59]

} {

[%emt 00:00:43]

} Rxb2 {

[%clk 00:07:50]

} {

[%emt 00:00:08]

} 50. Rxh5 {

[%clk 00:15:22]

} {

[%emt 00:00:06]

} Ra2 {

[%clk 00:07:31]

} {

[%emt 00:00:49]

} 51. Rg5+ {

[%clk 00:15:48]

} {

[%emt 00:00:05]

} Kh8 {

[%clk 00:07:24]

} {

[%emt 00:00:37]

} 52. Rxg4 {

[%clk 00:16:13]

} {

[%emt 00:00:05]

} Rxa3 {

[%clk 00:07:45]

} {

[%emt 00:00:09]

} 53. Bxb7 {

[%clk 00:16:36]

} {

[%emt 00:00:07]

} Rb3 {

[%clk 00:07:25]

} {

[%emt 00:00:50]

} 54. Bd5 {

[%clk 00:16:46]

} {

[%emt 00:00:16]

} Rd3 {

[%clk 00:07:44]

} {

[%emt 00:00:16]

} 55. Rg8+ {

[%clk 00:17:03]

} {

[%emt 00:00:11]

} 1-0

[Event "Estonian Women's Chess Championship 2025 - Rapid tie-breaks"]
[Site "Tallinn, Estonia"]
[Date "2025.12.16"]
[Round "17.1"]
[White "Blokhin, Sofia"]
[Black "Olde, Margareth"]
[Result "1-0"]
[WhiteTitle "WFM"]
[BlackTitle "WIM"]
[WhiteElo "2095"]
[BlackElo "2214"]

1. e4 {

[%clk 00:15:04]

} {

[%emt 00:00:01]

} e5 {

[%clk 00:15:04]

} {

[%emt 00:00:03]

} 2. Nc3 {

[%clk 00:15:05]

} {

[%emt 00:00:02]

} Nf6 {

[%clk 00:15:04]

} {

[%emt 00:00:03]

} 3. Bc4 {

[%clk 00:15:06]

} {

[%emt 00:00:03]

} Nxe4 {

[%clk 00:15:06]

} 4. Qh5 {

[%clk 00:14:57]

} {

[%emt 00:00:11]

} Nd6 {

[%clk 00:15:01]

} {

[%emt 00:00:09]

} 5. Bb3 {

[%clk 00:14:55]

} {

[%emt 00:00:05]

} Be7 {

[%clk 00:14:55]

} {

[%emt 00:00:09]

} 6. Qxe5 {

[%clk 00:14:16]

} {

[%emt 00:00:42]

} O-O {

[%emt 00:00:23]

} 7. Nge2 {

[%clk 00:13:54]

} {

[%emt 00:00:23]

} Nc6 {

[%clk 00:14:14]

} {

[%emt 00:00:27]

} 8. Qh5 {

[%clk 00:12:21]

} {

[%emt 00:01:35]

} g6 {

[%clk 00:12:39]

} {

[%emt 00:01:39]

} 9. Qh3 {

[%clk 00:12:21]

} {

[%emt 00:00:02]

} Bf6 {

[%clk 00:12:14]

} {

[%emt 00:00:28]

} 10. d3 {

[%clk 00:11:36]

} {

[%emt 00:00:49]

} Bg7 {

[%clk 00:10:53]

} {

[%emt 00:01:24]

} 11. Bh6 {

[%clk 00:10:17]

} {

[%emt 00:01:21]

} Bxh6 {

[%clk 00:09:29]

} {

[%emt 00:01:27]

} 12. Qxh6 {

[%clk 00:10:18]

} {

[%emt 00:00:02]

} Nf5 {

[%clk 00:09:31]

} 13. Qf4 {

[%clk 00:10:05]

} {

[%emt 00:00:15]

} d6 {

[%clk 00:07:24]

} {

[%emt 00:02:10]

} 14. h4 {

[%clk 00:08:56]

} {

[%emt 00:01:12]

} Be6 {

[%clk 00:06:47]

} {

[%emt 00:00:41]

} 15. g4 {

[%clk 00:07:52]

} {

[%emt 00:01:08]

} Ng7 {

[%clk 00:05:59]

} {

[%emt 00:00:51]

} 16. O-O-O {

[%clk 00:06:15]

} {

[%emt 00:01:39]

} Ne5 {

[%clk 00:05:25]

} {

[%emt 00:00:38]

} 17. d4 {

[%clk 00:05:58]

} {

[%emt 00:00:21]

} Bxb3 {

[%clk 00:04:27]

} {

[%emt 00:01:01]

} 18. dxe5 {

[%clk 00:05:48]

} {

[%emt 00:00:13]

} Be6 {

[%clk 00:04:01]

} {

[%emt 00:00:29]

} 19. Ne4 {

[%clk 00:05:13]

} {

[%emt 00:00:38]

} dxe5 {

[%clk 00:03:05]

} {

[%emt 00:00:59]

} 20. Qh6 {

[%clk 00:04:45]

} {

[%emt 00:00:30]

} f6 {

[%clk 00:01:38]

} {

[%emt 00:01:30]

} 21. Rxd8 {

[%clk 00:04:38]

} {

[%emt 00:00:11]

} Raxd8 {

[%clk 00:01:41]

} 22. h5 {

[%clk 00:03:12]

} {

[%emt 00:01:29]

} Kf7 {

[%clk 00:00:08]

} {

[%emt 00:01:35]

} 23. Qxh7 {

[%clk 00:02:48]

} {

[%emt 00:00:26]

} gxh5 {

[%clk 00:00:07]

} {

[%emt 00:00:05]

} 24. Qh6 {

[%clk 00:01:54]

} {

[%emt 00:00:57]

} Ne8 {

[%clk 00:00:04]

} {

[%emt 00:00:06]

} 25. Qxh5+ {

[%clk 00:01:46]

} {

[%emt 00:00:11]

} Ke7 {

[%clk 00:00:06]

} 26. N2g3 {

[%clk 00:01:16]

} {

[%emt 00:00:33]

} Rg8 {

[%clk 00:00:09]

} 27. Nf5+ {

[%clk 00:00:58]

} {

[%emt 00:00:21]

} Bxf5 {

[%clk 00:00:11]

} {

[%emt 00:00:01]

} 28. Qxf5 {

[%clk 00:00:58]

} {

[%emt 00:00:03]

} Rg7 {

[%clk 00:00:06]

} {

[%emt 00:00:08]

} 29. Rh7 {

[%clk 00:00:57]

} {

[%emt 00:00:04]

} Rxh7 {

[%clk 00:00:06]

} {

[%emt 00:00:03]

} 30. Qxh7+ {

[%clk 00:00:58]

} {

[%emt 00:00:02]

} Ke6 {

[%clk 00:00:09]

} 31. Nc5+ {

[%clk 00:00:51]

} {

[%emt 00:00:10]

} Kd5 {

[%clk 00:00:07]

} {

[%emt 00:00:05]

} 32. Qd3+ {

[%clk 00:00:50]

} {

[%emt 00:00:03]

} 1-0